| 000 | 00991nam0a22002771 4500 | ||
|---|---|---|---|
| 001 | rc\913904 | ||
| 005 | 20250622041728.0 | ||
| 035 | _a(NLR Aleph) 006088385 | ||
| 090 |
_a5140784 _c5140784 |
||
| 100 | _a20041129d1982 |||y0rusy50 ca | ||
| 101 | 0 | _arus | |
| 102 | _aRU | ||
| 105 | _aa ||||||||| | ||
| 200 | 1 |
_aУединенные волны в системе электронный пучок - плазма _fА.Ц. Аматуни, Э.В. Сехпосян, С.С. Элбакян |
|
| 210 |
_aЕреван _cЕФИ _d1982 |
||
| 215 |
_a15 с. _cграф. _d20 |
||
| 225 | 1 |
_aЕреванский физический институт _vЕФИ-607 (94)-82 |
|
| 320 | _aБиблиогр. в конце кн. (7 назв.) | ||
| 700 | 1 |
_aАматуни _bА.Ц. _gАндрей Цолакович |
|
| 701 | 1 |
_aСехпосян _bЭ.В. |
|
| 701 | 1 |
_aЭлбакян _bС.С. |
|
| 801 | 0 |
_aRU _bNLR _gpsbo |
|
| 801 | 1 |
_aRU _bELAR _2rusmarc |
|
| 852 |
_aNLR _j83-4/23450 |
||
| 942 | _cBOOK | ||
| 980 | _aNB | ||